El internet para dummies / (Registro nro. 49498)

Detalles MARC
000 -LEADER
fixed length control field 01054nam a2200301 4500
001 - CONTROL NUMBER
control field 0000012787
003 - CONTROL NUMBER IDENTIFIER
control field CO-CtgCURN
005 - DATE AND TIME OF LATEST TRANSACTION
control field 20250825223110.0
008 - FIXED-LENGTH DATA ELEMENTS--GENERAL INFORMATION
fixed length control field 160627s1996 000 0 eng d
020 ## - INTERNATIONAL STANDARD BOOK NUMBER
International Standard Book Number 9580433070
040 ## - CATALOGING SOURCE
Original cataloging agency CO-CtgCURN
Language of cataloging spa
Transcribing agency coctgcurn
082 0# - DEWEY DECIMAL CLASSIFICATION NUMBER
Classification number 004.65
Item number L665i
100 1# - MAIN ENTRY--PERSONAL NAME
Personal name Levine, John R.
245 13 - TITLE STATEMENT
Title El internet para dummies /
Statement of responsibility, etc. John R. Levine, Carol Baroudi, Margaret Levine Young , traducido por Erna von der Walde.
250 ## - EDITION STATEMENT
Edition statement 3a ed.
260 ## - PUBLICATION, DISTRIBUTION, ETC.
Place of publication, distribution, etc. Bogotá :
Name of publisher, distributor, etc. Norma,
Date of publication, distribution, etc. 1996.
300 ## - PHYSICAL DESCRIPTION
Extent xx, 449 p.
336 ## - CONTENT TYPE
Source rdacontent
337 ## - MEDIA TYPE
Source rdamedia
Media type term sin mediacion
Media type code n
338 ## - CARRIER TYPE
Source rdacarrier
Carrier type term volumen
Carrier type code nc
505 8# - FORMATTED CONTENTS NOTE
Formatted contents note Bienvenido a Internet.--Como usar su cuenta de Internet.--El resto de la red.--Cuatro rampas de entrada.--La parte de las decenas
534 ## - ORIGINAL VERSION NOTE
Main entry of original The internet for dummies.
650 #0 - SUBJECT ADDED ENTRY--TOPICAL TERM
Topical term or geographic name entry element Internet
Form subdivision Manuales.
700 1# - ADDED ENTRY--PERSONAL NAME
Personal name Baroudi, Carol.
908 ## - PUT COMMAND PARAMETER (RLIN)
Put command parameter 160627
942 ## - ADDED ENTRY ELEMENTS (KOHA)
Koha item type Libros
Classification part 004.65
Item part L665i
Source of classification or shelving scheme Dewey Decimal Classification
999 ## - SYSTEM CONTROL NUMBERS (KOHA)
-- 1
Existencias
Withdrawn status Lost status Source of classification or shelving scheme Damaged status Not for loan Home library Current library Shelving location Date acquired Total checkouts Full call number Barcode Date last seen Price effective from Koha item type
    Dewey Decimal Classification     Miguel Henríquez Castañeda Miguel Henríquez Castañeda General 03/04/2019   004.65 L665i 001604 03/04/2019 03/04/2019 Libros